Statistics for The 1975 - Love It If We Made It Lyrics

Click here to take the quiz!

General Stats

  • This quiz has been taken 63 times
  • The average score is 274 of 328

Answer Stats

Answer% Correct
a
100%
for
100%
her
100%
I
100%
"I
100%
in
100%
it
100%
just
100%
of
100%
the
100%
The
100%
we
100%
car
97%
fuck
97%
hell
97%
heroin
97%
if
97%
love
97%
Saying
97%
"And
94%
And
94%
and
94%
controversial
94%
fucking
94%
made
94%
then
94%
black
91%
I'd
91%
men
91%
shooting
91%
things
91%
We're
91%
me
89%
with
86%
you
86%
out
83%
suffocate
80%
all
77%
be
77%
has
77%
is
77%
Kanye
77%
on
77%
"Thank
77%
very
77%
can
74%
cool!"
74%
failed
74%
Modernity
74%
modernity
74%
Start
74%
us!
74%
us
74%
find
71%
got
71%
like
71%
make
71%
to
71%
your
71%
bitch"
69%
bones
69%
business
69%
daddy"
69%
melanin
69%
my
69%
poison
69%
Selling
69%
through
69%
we'll
69%
access
66%
beach
66%
Oh
66%
right
66%
decay
63%
Fossil
63%
information
63%
invited
63%
Jesus
63%
moved
63%
them
63%
Truth
63%
what?
63%
applications
60%
drowning
60%
hearsay
60%
Jones
60%
liberal
60%
Lil
60%
miscommunication
60%
only
60%
peace
60%
Peep
60%
Rest
60%
save
60%
seven
60%
streets
60%
three
60%
war
60%
year
60%
Yes
60%
excited
57%
famous
57%
feelings!
57%
guess
57%
Kneeling
57%
pitch
57%
poetry
57%
pools
57%
You're
57%
you're
57%
based
54%
been
54%
Consultation
54%
house
54%
left
54%
masturbation
54%
olds
54%
stone
54%
degradation
51%
Immigration
51%
kitsch
49%
piece
49%
positions
49%
Write
49%
indicted
46%
Unrequited
46%
are
43%
fueling
43%
incited
43%
know
40%
misdemeanours
40%
something
40%
Tell
40%
hardening
37%
That
37%
didn't
34%

Score Distribution

Percentile by Number Answered

Percent of People with Each Score

Your Score History

You have not taken this quiz